Small Letters in each Alphabet - Statistics

General Stats
  • This quiz has been taken 41 times
  • The average score is 23 of 26
Answer Stats
Alphabet with Long Alphabet with Short % Correct
A a
100%
B b
94%
C c
94%
E e
94%
F f
94%
G g
94%
I i
94%
K k
94%
Q q
94%
R r
94%
H h
89%
J j
89%
L l
89%
O o
89%
P p
89%
S s
89%
T t
89%
U u
89%
D d
83%
M m
83%
N n
83%
V v
83%
W w
78%
Z z
78%
X x
72%
Y y
72%
No matching quizzes found
Score Distribution
Percent of People with Each Score
Percentile by Number Answered
Your Score History
You have not taken this quiz